000
00219 a2200097 4500
001
1108
100
_a
Perrine,J.O
245
_a
Physics and maths in electrical communication
260
_a
_b
Rider
_c
090
_c
672
_d
672
942
_a
NUST-CAE
_c
M
_c
33289
999
_c
236181
_d
236181